Statistics for Nirvana Songs A-Y

Click here to take the quiz!

General Stats

  • This quiz has been taken 58 times
  • The average score is 13 of 21

Answer Stats

Letter Album Song % Correct
CNevermindCome As You Are
91%
AIn UteroAll Apologies
89%
SNevermindSmells Like Teen Spirit
87%
INevermindIn Bloom
78%
RIn UteroRape Me
78%
PNevermindPolly
78%
BNevermindBreed
76%
LNevermindLithium
74%
HIn UteroHeart Shaped Box
74%
DIn UteroDumb
70%
ONevermindOn a Plain
67%
WMTV Unplugged in New York (cover)Where Did You Sleep Last Night?
67%
MIn UteroMilk It
57%
TIn UteroTourette's
57%
NBleachNegative Creep
52%
FBleachFloyd the Barber
52%
VIn UteroVery Ape
48%
YBest of the BestYou Know You're Right
48%
JMTV Unplugged in New York (cover)Jesus Doesn't Want Me For a Sunbeam
39%
EWith the Lights OutEndless, Nameless
26%
GWith the Lights OutGallons of Rubbing Alcohol Flow Through the Strip
9%

Score Distribution

Percentile by Number Answered

Percent of People with Each Score

Your Score History

You have not taken this quiz